LDR 00660naa#a2200193#i#450# 001 EN\\bibl\119800 005 20260429022650.3 011 ## _a0320-3557 100 ## _a20260424b2026####ek#y0engy0150####ca 102 ## _aRU 200 1# _aTAXONOMICAL COMPOSITION AND ABUNDANCE OF MACROZOOBENTHOS IN THE SHEKSNA RESERVOIR AT THE BEGINING OF XXI CENTUARY _eJournal article 210 1# _aBorok _cPapanin Institute for Biology of Inland Waters Russian Academy of Sciences _d2026 215 ## _a11 с. 608 ## _aJournal article _2local 675 ## _aБентос. 574.587 _z 700 #1 _aPerova _gS. N. 700 #1 _aIvicheva _gK. N. 700 #1 _aFilonenko _gI. V. 856 4# _aibiw.editorum.ru _u